Statistics for Disciple Knights Of The Round Table Vol. 4 Quiz

Click here to take the quiz!

General Stats

  • This quiz has been taken 5 times
  • The average score is 17 of 23

Answer Stats

ArtistSong% Correct
Ray VolpeBattle Of The Bros (VIP)
100%
Virus Syndicate, Virtual Riot & Dion TimmerGang Shit (ECRAZE remix)
100%
ChibsKnock Knock
100%
BeutNoiseMonke Rave
100%
AutomhateMOORG
100%
CyclopsBite (VIP)
80%
SYZY & DDDForbidden Colors
80%
FLIXFunny
80%
Barely Alive & VoltraFusion Core
80%
INFEKTGoofball
80%
Samplifire & EvilnoizHelheim
80%
NosphereOblivion
80%
FaytalStompin'
80%
TrypleAurallucinations (VIP)
60%
Bandlez & NyptaneBad Boiz
60%
SkrudeBody Horror
60%
BAINBRIDGE & Viperactive (Feat. Maxx Live)Danger
60%
NextarsKill Process
60%
PainRefresh
60%
Ganon & Hol!Rude Boys
60%
JiquiSmack Dat
60%
NVADRZIdols
40%
Lizzy Jane (Feat. Born I)Wild Style
40%

Score Distribution

Percentile by Number Answered

Percent of People with Each Score

Your Score History

You have not taken this quiz